| 000 | 00613nam a2200181Ia 4500 | ||
|---|---|---|---|
| 005 | 20250423095343.0 | ||
| 008 | 250422s9999 xx 000 0 und d | ||
| 020 | _a0072286664 | ||
| 050 | _aZ 7164 .F5 F459/ | ||
| 100 | _aHeck, Jean Louis | ||
| 245 | 0 | _aFinance literature index | |
| 260 | _aNew York | ||
| 260 | _bMcGraw-Hill Book Co | ||
| 260 | _c1999 | ||
| 300 | _a429 p | ||
| 650 | _a Finance --Bibliography --Periodicals. Finance --Periodicals --Periodicals --Indexes. Finances --Bibliographie. Finances --Périodiques --Index. Bibliographie. Finanzierung. Zeitschrift. | ||
| 942 | _cBK | ||
| 999 |
_c30021 _d30021 |
||